000 00877nas a2200289 4500
001 BR2011002667
003 BR-BrBNA
005 20231205115309.0
007 ta
008 230509b bl.|||p| |||| 00| 00por d
040 _aBR-BrBNA
_bpor
_cBiblioteca Nacional de Agricultura
041 _a(Pt)
072 _aJ11
100 1 _aAlves, E. de O.
100 1 _aSteffens, C.A.
100 1 _aAmarante, C.V.T. do
100 1 _aBrackmann, A.
245 1 _aQualidade de ameixas Laetitia em função da temperatura e da atmosfera de armazenamento
650 _aAMEIXA
650 _aPÓS-COLHEITA
650 _aTEMPERATURA
650 _aARMAZENAMENTO
650 _aQUALIDADE
773 0 _tRevista Brasileira de Fruticultura (Brazil)
_xISSN 0100 2945
_g(Dec 2010), v. 32(4) p. 1018-1027
_wBR2011002667
909 _a202311
_bLúcia
_c55
_dLúcia Elande
942 _2AGRIS
_n0
_cANA
999 _c213074
_d213074